[Event "South Moravia Region-chT 2223"]
[Site "Czech Republic"]
[Date "2022.11.13"]
[Round "3.5"]
[White "Krizek, Frantisek"]
[Black "Krupica, Pavel"]
[Result "1/2-1/2"]
[WhiteElo "1931"]
[BlackElo "1788"]
[PlyCount "106"]
[EventDate "2022.10.09"]
[EventType "team-tourn"]
[EventRounds "11"]
[EventCountry "CZE"]
[SourceTitle "EXT 2024"]
[Source "ChessBase"]
[SourceDate "2023.10.10"]
[SourceVersion "1"]
[SourceVersionDate "2023.10.10"]
[SourceQuality "1"]

1. c4 c6 2. Nc3 d5 3. cxd5 cxd5 4. d4 Nf6 5. Nf3 Nc6 6. Bf4 Bf5 7. e3 e6 8. Bb5 Bb4 9. Qb3 Bxc3+ 10. Qxc3 0-0 11. Bxc6 Rc8 12. Qa3 Rxc6 13. 0-0 Qb6 14. Rfc1 Rfc8 15. b3 a6 16. Ne5 Rc2 17. Rxc2 Rxc2 18. Qe7 Qc7 19. Qxc7 Rxc7 20. Nc4 Rc6 21. Na5 Rc2 22. Nxb7 Ne4 23. f3 Nc3 24. Nc5 h6 25. Nxa6 Nxa2 26. Nc5 Nc3 27. Kh1 Rb2 28. h4 Bc2 29. Ra8+ Kh7 30. Ra7 Kg8 31. Nd7 f6 32. Nc5 g5 33. hxg5 hxg5 34. Bd6 Nb5 35. Ra8+ Kh7 36. Rd8 Bxb3 37. Nxe6 Nxd6 38. Rxd6 Bc4 39. Nf8+ Kg7 40. Nd7 Bf1 41. Nxf6 Bxg2+ 42. Kh2 Bxf3+ 43. Kg3 Bh1 44. Nxd5 Re2 45. Kg4 Bxd5 46. Rxd5 Rxe3 47. Kxg5 Kf7 48. Kf5 Re1 49. Rd7+ Ke8 50. Rd5 Kf7 51. Ra5 Re2 52. Ra6 Ke8 53. Kf6 Kd8 1/2-1/2

[Event "CZE-chT2E 2122"]
[Site "Czech Republic"]
[Date "2021.11.21"]
[Round "3"]
[White "Krupica, Pavel"]
[Black "Uhmann, Jan Jr"]
[Result "1-0"]
[WhiteElo "1803"]
[BlackElo "1963"]
[PlyCount "117"]
[EventDate "2021.10.17"]
[EventType "team-tourn"]
[EventRounds "11"]
[EventCountry "CZE"]
[SourceTitle "EXT 2024"]
[Source "ChessBase"]
[SourceDate "2023.10.10"]
[SourceVersion "1"]
[SourceVersionDate "2023.10.10"]
[SourceQuality "1"]
[WhiteTeam "Kurim"]
[BlackTeam "Brno VSK Univ"]
[WhiteTeamCountry "CZE"]
[BlackTeamCountry "CZE"]

1. e4 Nc6 2. Nf3 e5 3. d4 exd4 4. Nxd4 Bc5 5. Nb3 Bb6 6. Nc3 d6 7. Bd3 Nge7 8. 0-0 0-0 9. Na4 Be6 10. Nxb6 axb6 11. Be3 f5 12. f4 fxe4 13. Bxe4 d5 14. Bd3 Nf5 15. Bd2 Nh6 16. Qf3 Qf6 17. c3 d4 18. Kh1 Rad8 19. Rae1 Bd5 20. Qe2 Nf5 21. Be4 Kh8 22. Bxd5 Rxd5 23. Qc4 Rd6 24. cxd4 Qh4 25. Rf3 Ncxd4 26. Rh3 Qf2 27. Rf1 Qe2 28. Qxe2 Nxe2 29. Bb4 c5 30. Nxc5 bxc5 31. Bxc5 Rfd8 32. Bxd6 Rxd6 33. g4 Nfd4 34. Re3 h5 35. g5 Re6 36. Rh3 g6 37. Ra3 Rb6 38. b3 Nf5 39. Ra8+ Kg7 40. Rd1 Kf7 41. Ra7 Ke6 42. Re1 Nfd4 43. Ra8 Kf5 44. Rf8+ Kg4 45. Rf6 Rb5 46. Rxg6 Nxf4 47. Rg1+ Kh4 48. Rf6 Nh3 49. g6 Nxg1 50. Rf4+ Kh3 51. Rxd4 Rg5 52. Rd3+ Kh4 53. Rg3 Rd5 54. Kxg1 Rd8 55. g7 Rg8 56. Kf2 b5 57. Kf3 b4 58. Rg6 Kh3 59. Kf4 1-0

[Event "CZE-chT2E 1920"]
[Site "Czech Republic"]
[Date "2020.06.27"]
[Round "10.7"]
[White "Krupica, Pavel"]
[Black "Blaha, Petr"]
[Result "1/2-1/2"]
[WhiteElo "1871"]
[BlackElo "1987"]
[PlyCount "49"]
[EventDate "2019.10.13"]
[EventType "team-tourn"]
[EventRounds "11"]
[EventCountry "CZE"]
[SourceTitle "EXT 2024"]
[Source "ChessBase"]
[SourceDate "2023.10.10"]
[SourceVersion "1"]
[SourceVersionDate "2023.10.10"]
[SourceQuality "1"]
[WhiteTeam "Kurim"]
[BlackTeam "Stare Mesto II"]
[WhiteTeamCountry "CZE"]
[BlackTeamCountry "CZE"]

1. e4 e5 2. Nf3 Nf6 3. Nc3 Nc6 4. d4 Bb4 5. d5 Nb8 6. Bd3 d6 7. 0-0 c6 8. dxc6 bxc6 9. Bd2 0-0 10. a3 Ba5 11. b4 Bc7 12. Re1 Re8 13. b5 d5 14. bxc6 d4 15. Nb5 Nxc6 16. Nxc7 Qxc7 17. c3 Bg4 18. h3 Bh5 19. Bb5 a6 20. Bxc6 Qxc6 21. cxd4 Bxf3 22. Qxf3 exd4 23. Rac1 Qb7 24. Rb1 Qc6 25. Rbc1 1/2-1/2

[Event "Bezmerov Bastinec Memorial-A"]
[Site "Bezmerov"]
[Date "2019.01.26"]
[Round "3"]
[White "Juricek, Stanislav"]
[Black "Krupica, Pavel"]
[Result "1/2-1/2"]
[WhiteElo "2079"]
[BlackElo "1879"]
[PlyCount "52"]
[EventDate "2019.01.25"]
[EventType "swiss"]
[EventRounds "5"]
[EventCountry "CZE"]
[SourceTitle "CBM 188 Extra"]
[Source "ChessBase"]
[SourceDate "2019.02.26"]
[SourceVersion "1"]
[SourceVersionDate "2019.02.26"]
[SourceQuality "1"]

1. e4 c5 2. f4 Nc6 3. Nf3 g6 4. Bb5 Bg7 5. Bxc6 dxc6 6. d3 Qb6 7. Nc3 Nf6 8. 0-0 Ng4 9. a4 a5 10. h3 Nf6 11. Qe1 Nd7 12. Kh1 Nf8 13. Rb1 Ne6 14. f5 Nd4 15. Nxd4 cxd4 16. Ne2 Bd7 17. Bd2 0-0 18. Qh4 Qc5 19. Rbc1 Bf6 20. Bg5 Bxg5 21. Qxg5 Qe5 22. Qf4 Qxf4 23. Rxf4 c5 24. Ra1 e5 25. fxe6 fxe6 26. Rxf8+ Rxf8 1/2-1/2

[Event "Bezmerov Bastinec Memorial-A"]
[Site "Bezmerov"]
[Date "2019.01.25"]
[Round "2"]
[White "Krupica, Pavel"]
[Black "Podskubka, Ondrej"]
[Result "1-0"]
[WhiteElo "1879"]
[BlackElo "1761"]
[PlyCount "61"]
[EventDate "2019.01.25"]
[EventType "swiss"]
[EventRounds "5"]
[EventCountry "CZE"]
[SourceTitle "CBM 188 Extra"]
[Source "ChessBase"]
[SourceDate "2019.02.26"]
[SourceVersion "1"]
[SourceVersionDate "2019.02.26"]
[SourceQuality "1"]

1. e4 d5 2. exd5 Qxd5 3. d4 e5 4. Nf3 exd4 5. Qxd4 Qxd4 6. Nxd4 Bc5 7. Nb3 Bb6 8. Bd3 Nf6 9. Nc3 0-0 10. 0-0 Be6 11. Na4 Bxb3 12. axb3 Bd4 13. Nc3 Nbd7 14. Nb5 Bb6 15. Bf4 a6 16. Nc3 Rfe8 17. Rad1 Nc5 18. Bc4 Ne6 19. Be5 Ng4 20. Bg3 Ba5 21. Rfe1 Ng5 22. h3 Nf6 23. Be5 Nfe4 24. f4 Bb6+ 25. Kh2 Nxc3 26. bxc3 Ne6 27. Rd7 Rad8 28. Red1 Rxd7 29. Rxd7 Rd8 30. Bxe6 fxe6 31. Rxd8+ 1-0

[Event "Kouty nad Desnou op-B"]
[Site "Kouty nad Desnou"]
[Date "2015.03.13"]
[Round "8"]
[White "Buk, Pavel"]
[Black "Krupica, Pavel"]
[Result "0-1"]
[WhiteElo "1732"]
[BlackElo "1931"]
[PlyCount "50"]
[EventDate "2015.03.07"]
[EventType "swiss"]
[EventRounds "9"]
[EventCountry "CZE"]
[SourceTitle "EXT 2017"]
[Source "ChessBase"]
[SourceDate "2016.10.25"]
[SourceVersion "1"]
[SourceVersionDate "2016.10.25"]
[SourceQuality "1"]

1. f4 d5 2. Nf3 Nf6 3. e3 c5 4. Bb5+ Bd7 5. Qe2 a6 6. Bxd7+ Nbxd7 7. b3 e6 8. Bb2 Be7 9. 0-0 0-0 10. d3 b5 11. c4 bxc4 12. dxc4 Qc7 13. Nbd2 Rfd8 14. Ne5 Nb6 15. Ndf3 Ne4 16. Rac1 f6 17. Ng4 dxc4 18. Rxc4 Nxc4 19. Qxc4 Qb7 20. Qxe6+ Kh8 21. Nfe5 fxe5 22. Nxe5 Nd6 23. Rf3 Bh4 24. Rh3 Qe7 25. Qg4 Ne4 0-1

[Event "Kouty nad Desnou op-B"]
[Site "Kouty nad Desnou"]
[Date "2015.03.12"]
[Round "7"]
[White "Krupica, Pavel"]
[Black "Vit, Jakub"]
[Result "1/2-1/2"]
[WhiteElo "1931"]
[BlackElo "1617"]
[PlyCount "62"]
[EventDate "2015.03.07"]
[EventType "swiss"]
[EventRounds "9"]
[EventCountry "CZE"]
[SourceTitle "EXT 2017"]
[Source "ChessBase"]
[SourceDate "2016.10.25"]
[SourceVersion "1"]
[SourceVersionDate "2016.10.25"]
[SourceQuality "1"]

1. e4 c5 2. c3 d6 3. d4 cxd4 4. cxd4 g6 5. Nf3 Bg7 6. Be2 Nc6 7. h3 Qb6 8. d5 Bxb2 9. Bxb2 Qxb2 10. dxc6 Qxa1 11. cxb7 Bxb7 12. Qa4+ Kf8 13. 0-0 Qb2 14. Nbd2 Qc3 15. Rb1 Bc6 16. Qa6 Nf6 17. Bc4 Bxe4 18. Nxe4 Nxe4 19. Bd5 Nc5 20. Qe2 Rd8 21. Re1 Qf6 22. Qd2 Kg7 23. Nd4 e6 24. Bf3 d5 25. Nc6 Rd7 26. Ne5 Rb7 27. Ng4 Qb2 28. Qh6+ Kg8 29. Bxd5 Re7 30. Bf3 Nd3 31. Rd1 Rd7 1/2-1/2

[Event "Brno Duras op-A"]
[Site "Brno"]
[Date "2014.07.05"]
[Round "8"]
[White "Cermak, Jan"]
[Black "Krupica, Pavel"]
[Result "1/2-1/2"]
[WhiteElo "1748"]
[BlackElo "1953"]
[PlyCount "72"]
[EventDate "2014.06.28"]
[EventType "swiss"]
[EventRounds "9"]
[EventCountry "CZE"]
[SourceTitle "CBM 161 Extra"]
[Source "ChessBase"]
[SourceDate "2014.08.29"]
[SourceVersion "1"]
[SourceVersionDate "2014.08.29"]
[SourceQuality "1"]

1. e4 c5 2. Nf3 d6 3. d4 cxd4 4. Nxd4 Nf6 5. Nc3 Nc6 6. Be2 e6 7. 0-0 Be7 8. Be3 0-0 9. f4 a6 10. Bf3 Bd7 11. h3 Nxd4 12. Bxd4 Bc6 13. Qe1 Re8 14. Qg3 Bf8 15. Rad1 Nd7 16. Bh5 b5 17. e5 b4 18. Ne2 dxe5 19. Bxe5 Qb6+ 20. Bd4 Qb5 21. Be5 Nxe5 22. fxe5 g6 23. Bf3 Red8 24. Bxc6 Qxc6 25. Qf4 Qc7 26. Nd4 Rd5 27. Nf3 Qxc2 28. Rxd5 exd5 29. Ng5 Qf5 30. Qxf5 gxf5 31. Rxf5 Ra7 32. e6 Bc5+ 33. Kf1 fxe6 34. Nxe6 Be7 35. Rxd5 Kf7 36. Nd8+ Bxd8 1/2-1/2

[Event "Brno Duras op-A"]
[Site "Brno"]
[Date "2014.07.02"]
[Round "5"]
[White "Krupica, Pavel"]
[Black "Macko, Michal"]
[Result "0-1"]
[WhiteElo "1953"]
[BlackElo "2185"]
[PlyCount "52"]
[EventDate "2014.06.28"]
[EventType "swiss"]
[EventRounds "9"]
[EventCountry "CZE"]
[SourceTitle "CBM 161 Extra"]
[Source "ChessBase"]
[SourceDate "2014.08.29"]
[SourceVersion "1"]
[SourceVersionDate "2014.08.29"]
[SourceQuality "1"]

1. e4 c5 2. c3 Nf6 3. e5 Nd5 4. d4 cxd4 5. cxd4 d6 6. Nf3 e6 7. Nc3 Nxc3 8. bxc3 Qc7 9. Bd2 Nd7 10. exd6 Bxd6 11. Bd3 0-0 12. 0-0 b6 13. Rc1 Bb7 14. Re1 Bf4 15. Be4 Bxe4 16. Rxe4 Bxd2 17. Qxd2 Nf6 18. Rh4 Rfd8 19. Qd3 Rac8 20. Ng5 h6 21. Nf3 Qc4 22. Qd2 Qd5 23. Qe2 b5 24. Ne5 Nd7 25. Nd3 b4 26. Nxb4 Qg5 0-1

[Event "Brno Duras op-B"]
[Site "Brno"]
[Date "2013.06.28"]
[Round "7"]
[White "Dumkova, Daniela"]
[Black "Krupica, Pavel"]
[Result "1/2-1/2"]
[WhiteElo "1571"]
[BlackElo "1958"]
[PlyCount "155"]
[EventDate "2013.06.22"]
[EventType "swiss"]
[EventRounds "7"]
[EventCountry "CZE"]
[SourceTitle "CBM 155 Extra"]
[Source "ChessBase"]
[SourceDate "2013.08.26"]
[SourceVersion "1"]
[SourceVersionDate "2013.08.26"]
[SourceQuality "1"]

1. e4 c5 2. Nf3 d6 3. d3 Nf6 4. c4 Nc6 5. g3 Bg4 6. Bg2 a6 7. h3 Bd7 8. Nc3 e6 9. 0-0 Be7 10. Kh2 Rb8 11. a4 0-0 12. Ng1 Nb4 13. f4 Bc6 14. f5 Nd7 15. g4 Ne5 16. Nge2 Nexd3 17. Nf4 Nxc1 18. Rxc1 exf5 19. exf5 Bxg2 20. Kxg2 Bf6 21. Nfd5 Bxc3 22. Rxc3 Nxd5 23. Qxd5 Qc7 24. f6 Qc6 25. Qxc6 bxc6 26. b3 Rfe8 27. fxg7 Kxg7 28. Rd1 Re6 29. Rcd3 Rd8 30. R1d2 Kf6 31. h4 Ke7 32. Kh3 Re5 33. g5 d5 34. Kg4 Re4+ 35. Kf5 Rxh4 36. cxd5 Rxd5+ 37. Rxd5 cxd5 38. Rxd5 c4 39. bxc4 Rxc4 40. Re5+ Kf8 41. Ra5 Rc6 42. Re5 Rb6 43. Re4 Rd6 44. Re5 Rc6 45. Ra5 Ke7 46. Rd5 h5 47. gxh6 Rxh6 48. Kg5 Rd6 49. Re5+ Re6 50. Rd5 Rd6 51. Re5+ Kd7 52. Rf5 Rg6+ 53. Kf4 Ke7 54. Re5+ Kf6 55. Ra5 Kg7 56. Kf5 Kh6 57. Kf4 Rf6+ 58. Kg4 Kg6 59. Kg3 Rb6 60. Kf4 f5 61. Rxf5 Rb4+ 62. Ke5 Rxa4 63. Rf1 Kg5 64. Rg1+ Kh4 65. Kd5 Kh3 66. Kc5 Ra2 67. Kb4 Kh2 68. Rb1 Kg2 69. Rb3 a5+ 70. Kc3 Kf3 71. Rb2 Ra1 72. Kb3 a4+ 73. Kc2 Ke3 74. Rb4 a3 75. Ra4 Ke2 76. Kb3 Kd3 77. Rxa3 Rb1+ 78. Ka2+ 1/2-1/2

[Event "Brno Duras op-B"]
[Site "Brno"]
[Date "2013.06.23"]
[Round "2"]
[White "Molik, Zdenek"]
[Black "Krupica, Pavel"]
[Result "0-1"]
[WhiteElo "2136"]
[BlackElo "1958"]
[PlyCount "138"]
[EventDate "2013.06.22"]
[EventType "swiss"]
[EventRounds "7"]
[EventCountry "CZE"]
[SourceTitle "CBM 155 Extra"]
[Source "ChessBase"]
[SourceDate "2013.08.26"]
[SourceVersion "1"]
[SourceVersionDate "2013.08.26"]
[SourceQuality "1"]

1. e4 c5 2. Nf3 d6 3. d4 cxd4 4. Nxd4 Nf6 5. Nc3 Nc6 6. Be2 e6 7. Be3 Be7 8. 0-0 0-0 9. Rb1 a6 10. Qd2 Bd7 11. a3 Re8 12. f4 Nxd4 13. Bxd4 Bc6 14. Bf3 Nd7 15. Rbd1 Rc8 16. Kh1 Qc7 17. Rc1 b5 18. Be3 Qb7 19. Rfe1 e5 20. f5 Nf6 21. Bf2 b4 22. axb4 Qxb4 23. b3 d5 24. Nb1 dxe4 25. Be2 Qb7 26. Be3 Red8 27. Qa5 Bb4 28. Qxa6 Bxe1 29. Rxe1 Nd5 30. Qa7 Ra8 31. Qc5 Nxe3 32. Qxe3 Qb4 33. Bc4 Bd5 34. c3 Qb7 35. Nd2 Bxc4 36. bxc4 Qa7 37. Qxa7 Rxa7 38. Nxe4 Ra4 39. g3 Rxc4 40. Kg2 f6 41. h4 h5 42. Re3 Kf7 43. Kf3 Ke7 44. Ke2 Rd7 45. Nd2 Ra4 46. Ne4 Ra2+ 47. Kf3 Rd1 48. Re2 Rxe2 49. Kxe2 Rg1 50. Kf2 Rc1 51. Ke2 Kd7 52. Kd2 Rg1 53. c4 Kc6 54. Kd3 Rg2 55. Ke3 Ra2 56. Kd3 Ra3+ 57. Kd2 Rf3 58. Ke2 Ra3 59. Kd2 Kb6 60. Ke2 Ka5 61. Kd2 Kb4 62. c5 Kb5 63. Ke2 Kc6 64. Kd2 Ra4 65. Kd3 Rxe4 66. Kxe4 Kxc5 67. Kd3 Kd5 68. Ke3 e4 69. Kd2 Ke5 0-1

[Event "Kouty nad Desnou op-F"]
[Site "Kouty nad Desnou"]
[Date "2013.03.16"]
[Round "9"]
[White "Krupica, Pavel"]
[Black "Valenta, Vit"]
[Result "0-1"]
[WhiteElo "1977"]
[BlackElo "2169"]
[PlyCount "46"]
[EventDate "2013.03.09"]
[EventType "swiss"]
[EventRounds "9"]
[EventCountry "CZE"]
[SourceTitle "EXT 2015"]
[Source "ChessBase"]
[SourceDate "2014.11.20"]
[SourceVersion "1"]
[SourceVersionDate "2014.11.20"]
[SourceQuality "1"]

1. e4 e5 2. Nf3 Nc6 3. d4 exd4 4. Nxd4 Nf6 5. Nc3 Bb4 6. Nxc6 bxc6 7. Bd3 d5 8. exd5 Qe7+ 9. Qe2 Qxe2+ 10. Kxe2 cxd5 11. Bd2 0-0 12. Rae1 c6 13. f3 c5 14. Kd1 Be6 15. a3 Bxc3 16. Bxc3 d4 17. Bd2 c4 18. Be4 Bd5 19. Bxd5 Nxd5 20. Re5 Rfd8 21. Ba5 Rd7 22. Bd2 c3 23. Rhe1 f6 0-1

[Event "Kouty nad Desnou op-F"]
[Site "Kouty nad Desnou"]
[Date "2013.03.13"]
[Round "6"]
[White "Krupica, Pavel"]
[Black "Hollan, Martin"]
[Result "1-0"]
[WhiteElo "1977"]
[BlackElo "1790"]
[PlyCount "83"]
[EventDate "2013.03.09"]
[EventType "swiss"]
[EventRounds "9"]
[EventCountry "CZE"]
[SourceTitle "EXT 2015"]
[Source "ChessBase"]
[SourceDate "2014.11.20"]
[SourceVersion "1"]
[SourceVersionDate "2014.11.20"]
[SourceQuality "1"]

1. e4 c5 2. c3 e6 3. d4 cxd4 4. cxd4 Nf6 5. Nc3 Bb4 6. Bd3 b6 7. Nf3 Bb7 8. e5 Nd5 9. Bd2 Nxc3 10. bxc3 Be7 11. 0-0 0-0 12. Qe2 f5 13. Rac1 g5 14. c4 g4 15. Ne1 Bg5 16. f4 Be7 17. Nc2 Nc6 18. d5 Bc5+ 19. Be3 Bxe3+ 20. Nxe3 Ne7 21. Rcd1 Ng6 22. dxe6 dxe6 23. Bxf5 Qe7 24. Bxg6 hxg6 25. Nxg4 Rad8 26. Nf6+ Kg7 27. h3 Qc5+ 28. Kh2 Qe7 29. Rxd8 Rxd8 30. Rd1 Kf7 31. Rd3 Ba6 32. Rg3 Kg7 33. Qe4 Qf7 34. Rd3 Qc7 35. Rxd8 Qxd8 36. Qc6 Kh6 37. Qxe6 Qd4 38. Qg4 Bxc4 39. Qh4+ Kg7 40. Qh7+ Kf8 41. Qh8+ Kf7 42. Qg8+ 1-0

[Event "Kouty nad Desnou op-F"]
[Site "Kouty nad Desnou"]
[Date "2013.03.12"]
[Round "5"]
[White "Horak, Jiri"]
[Black "Krupica, Pavel"]
[Result "1-0"]
[WhiteElo "2205"]
[BlackElo "1977"]
[PlyCount "35"]
[EventDate "2013.03.09"]
[EventType "swiss"]
[EventRounds "9"]
[EventCountry "CZE"]
[SourceTitle "EXT 2015"]
[Source "ChessBase"]
[SourceDate "2014.11.20"]
[SourceVersion "1"]
[SourceVersionDate "2014.11.20"]
[SourceQuality "1"]

1. e4 c5 2. Nf3 d6 3. d4 cxd4 4. Nxd4 Nf6 5. Nc3 Nc6 6. Be2 e6 7. Be3 Be7 8. g4 a6 9. g5 Nd7 10. Qd2 Qc7 11. 0-0-0 Nce5 12. f4 Nc4 13. Bxc4 Qxc4 14. f5 e5 15. Nb3 b5 16. Na5 Qc7 17. Nd5 Qd8 18. Nc6 1-0

[Event "Kouty nad Desnou op-F"]
[Site "Kouty nad Desnou"]
[Date "2013.03.11"]
[Round "3"]
[White "Havelka, Jan"]
[Black "Krupica, Pavel"]
[Result "1/2-1/2"]
[WhiteElo "1754"]
[BlackElo "1977"]
[PlyCount "98"]
[EventDate "2013.03.09"]
[EventType "swiss"]
[EventRounds "9"]
[EventCountry "CZE"]
[SourceTitle "EXT 2015"]
[Source "ChessBase"]
[SourceDate "2014.11.20"]
[SourceVersion "1"]
[SourceVersionDate "2014.11.20"]
[SourceQuality "1"]

1. e4 c5 2. Nc3 d6 3. f4 Nf6 4. Nf3 e6 5. d4 cxd4 6. Nxd4 Nc6 7. Be3 Be7 8. Qf3 Bd7 9. 0-0-0 Nxd4 10. Bxd4 Qc7 11. e5 dxe5 12. fxe5 Bc6 13. Bb5 Nd7 14. Bxc6 bxc6 15. Rhf1 0-0 16. Qe4 Rad8 17. Ne2 c5 18. Bc3 Nb6 19. Nf4 Bg5 20. Kb1 Rxd1+ 21. Rxd1 Bxf4 22. Qxf4 Nd5 23. Qf3 Rd8 24. Kc1 Nxc3 25. Qxc3 Rxd1+ 26. Kxd1 Qd7+ 27. Ke2 Qd5 28. Kf2 g6 29. a3 Kg7 30. b3 h6 31. Qe3 c4 32. Qxa7 Qd2+ 33. Kf3 Qxc2 34. bxc4 Qf5+ 35. Ke2 Qe4+ 36. Qe3 Qxc4+ 37. Kf3 Qf1+ 38. Kg3 g5 39. Qf2 Qd3+ 40. Qf3 Qd4 41. Qf6+ Kg8 42. h3 Qe3+ 43. Kh2 Qxa3 44. Qxh6 Qe3 45. Qf6 Qd2 46. Kg3 Qe3+ 47. Kh2 Qc1 48. Kg3 Qd2 49. Kh2 Qe3 1/2-1/2

[Event "Kouty nad Desnou op-F"]
[Site "Kouty nad Desnou"]
[Date "2013.03.10"]
[Round "2"]
[White "Krupica, Pavel"]
[Black "Zavadil, Michal"]
[Result "0-1"]
[WhiteElo "1977"]
[BlackElo "2078"]
[PlyCount "70"]
[EventDate "2013.03.09"]
[EventType "swiss"]
[EventRounds "9"]
[EventCountry "CZE"]
[SourceTitle "EXT 2015"]
[Source "ChessBase"]
[SourceDate "2014.11.20"]
[SourceVersion "1"]
[SourceVersionDate "2014.11.20"]
[SourceQuality "1"]

1. e4 e5 2. Nf3 Nc6 3. d4 exd4 4. Nxd4 d6 5. Bc4 Nf6 6. Nc3 Be7 7. 0-0 0-0 8. Bf4 Re8 9. Re1 h6 10. Nxc6 bxc6 11. e5 dxe5 12. Bxe5 Bg4 13. f3 Bf5 14. Bb3 Bd6 15. Bxd6 Rxe1+ 16. Qxe1 cxd6 17. Rd1 d5 18. Qe5 Qb6+ 19. Kh1 Bd7 20. Na4 Qb5 21. Nc3 Qb7 22. Qd4 Re8 23. Na4 Bf5 24. Kg1 Qe7 25. Qd2 c5 26. Nc3 d4 27. Nd5 Nxd5 28. Bxd5 Qh4 29. Bb3 Re3 30. g3 Qe7 31. Kf2 Qb7 32. Re1 Qxf3+ 33. Kg1 Rxe1+ 34. Qxe1 Be4 35. Qf1 Qh1+ 0-1

[Event "Kouty nad Desnou op-F"]
[Site "Kouty nad Desnou"]
[Date "2013.03.09"]
[Round "1"]
[White "Kuchar, Tomas"]
[Black "Krupica, Pavel"]
[Result "0-1"]
[WhiteElo "1717"]
[BlackElo "1977"]
[PlyCount "80"]
[EventDate "2013.03.09"]
[EventType "swiss"]
[EventRounds "9"]
[EventCountry "CZE"]
[SourceTitle "EXT 2015"]
[Source "ChessBase"]
[SourceDate "2014.11.20"]
[SourceVersion "1"]
[SourceVersionDate "2014.11.20"]
[SourceQuality "1"]

1. e4 c5 2. Nf3 d6 3. d4 cxd4 4. Nxd4 Nf6 5. Nc3 Nc6 6. Be3 e6 7. Be2 Be7 8. Nb3 a6 9. a4 0-0 10. a5 Bd7 11. Bb6 Qc8 12. 0-0 Ne5 13. Nd2 Bc6 14. f4 Ned7 15. Be3 Nc5 16. Bf3 Rd8 17. Qe1 d5 18. exd5 Nxd5 19. Nxd5 Bxd5 20. Bxd5 Rxd5 21. Nc4 Nd7 22. Qe2 Qc6 23. Rfd1 Rc8 24. Rxd5 exd5 25. Nb6 Nxb6 26. Bxb6 Bc5+ 27. Kh1 Bxb6 28. axb6 Qxc2 29. Qxc2 Rxc2 30. Rb1 Kf8 31. Kg1 Ke7 32. Re1+ Kd6 33. b3 Rb2 34. Re3 d4 35. Rg3 Kc5 36. Rd3 Kd5 37. Kf1 Ke4 38. Rf3 d3 39. h3 Rxb3 40. Rf2 Rxb6 0-1

[Event "CZE-chT2E 1213"]
[Site "Czech Republic"]
[Date "2012.11.18"]
[Round "3.4"]
[White "Krupica, Pavel"]
[Black "Travnicek, Petr"]
[Result "0-1"]
[WhiteElo "1977"]
[BlackElo "2119"]
[PlyCount "36"]
[EventDate "2012.10.14"]
[EventType "team-tourn"]
[EventRounds "11"]
[EventCountry "CZE"]
[SourceTitle "EXT 2016"]
[Source "ChessBase"]
[SourceDate "2015.10.08"]
[SourceVersion "1"]
[SourceVersionDate "2015.10.08"]
[SourceQuality "1"]
[WhiteTeam "Kurim"]
[BlackTeam "Prusanky Podluzan"]
[WhiteTeamCountry "CZE"]
[BlackTeamCountry "CZE"]

1. e4 c5 2. Nf3 Nc6 3. d4 cxd4 4. Nxd4 Nf6 5. f3 g6 6. c4 Bg7 7. Be3 0-0 8. Qd2 Re8 9. Nc3 e6 10. Ndb5 d5 11. cxd5 exd5 12. exd5 Bh6 13. Ne4 Nxe4 14. fxe4 Rxe4 15. dxc6 Rxe3+ 16. Be2 Bg4 17. 0-0-0 Qxd2+ 18. Rxd2 Rxe2 0-1

[Event "CZE-chT2E 1213"]
[Site "Czech Republic"]
[Date "2012.11.04"]
[Round "2.6"]
[White "Pise, Jan"]
[Black "Krupica, Pavel"]
[Result "1-0"]
[WhiteElo "2077"]
[BlackElo "1977"]
[PlyCount "55"]
[EventDate "2012.10.14"]
[EventType "team-tourn"]
[EventRounds "11"]
[EventCountry "CZE"]
[SourceTitle "EXT 2016"]
[Source "ChessBase"]
[SourceDate "2015.10.08"]
[SourceVersion "1"]
[SourceVersionDate "2015.10.08"]
[SourceQuality "1"]
[WhiteTeam "Adamov"]
[BlackTeam "Kurim"]
[WhiteTeamCountry "CZE"]
[BlackTeamCountry "CZE"]

1. d4 d5 2. Bg5 Nf6 3. e3 Nbd7 4. Bd3 e6 5. c3 Be7 6. Nd2 c5 7. f4 a6 8. Qe2 b5 9. Ngf3 b4 10. cxb4 cxb4 11. 0-0 Qb6 12. Ne5 Bb7 13. Rac1 a5 14. Nxd7 Nxd7 15. Bxe7 Kxe7 16. Qg4 g6 17. Qh4+ Ke8 18. Nb3 Qd8 19. Qf2 Ba6 20. Bxa6 Rxa6 21. Qe2 Ra7 22. Nc5 Qb6 23. Rc2 Ke7 24. Qg4 Kf8 25. Rfc1 Kg7 26. h4 Qb5 27. Qf3 Rc8 28. Nxe6+ 1-0

[Event "Brno Duras op-A"]
[Site "Brno"]
[Date "2010.06.28"]
[Round "2"]
[White "Krupica, Pavel"]
[Black "Fojtik, Tomas"]
[Result "0-1"]
[WhiteElo "1932"]
[BlackElo "2147"]
[PlyCount "104"]
[EventDate "2010.06.27"]
[EventType "swiss"]
[EventRounds "9"]
[EventCountry "CZE"]
[SourceTitle "CBM 137 Extra"]
[Source "ChessBase"]
[SourceDate "2010.09.01"]
[SourceVersion "1"]
[SourceVersionDate "2010.09.01"]
[SourceQuality "1"]

1. e4 c5 2. c3 b6 3. d4 Bb7 4. Bd3 e6 5. Nf3 d6 6. 0-0 Nd7 7. Bf4 Qc7 8. Re1 Ngf6 9. Nbd2 Nh5 10. Be3 g6 11. Nf1 Bg7 12. Qd2 0-0 13. Bh6 e5 14. Bxg7 Kxg7 15. Rad1 Rad8 16. Qg5 h6 17. Qe3 Nf4 18. Bb1 Rfe8 19. Ng3 Nf6 20. h3 Bc8 21. dxe5 dxe5 22. Nh2 Rxd1 23. Rxd1 Rd8 24. Qe1 Rd6 25. Bc2 Be6 26. Nf3 Rxd1 27. Qxd1 Bxa2 28. b3 c4 29. b4 a5 30. bxa5 bxa5 31. Ba4 Qb8 32. Qd2 Bb1 33. Qe3 Qc7 34. Kh2 Ba2 35. Bc2 Bb3 36. Bb1 a4 37. Nh4 Ng8 38. Ngf5+ Kh7 39. Nf3 gxf5 40. g3 Nh5 41. exf5 f6 42. Nh4 Ne7 43. Qf3 Ng7 44. Ng6 Qd8 45. g4 a3 46. g5 hxg5 47. h4 Bd1 48. Qb7 Nxg6 49. fxg6+ Kh6 50. hxg5+ fxg5 51. Qg2 Bh5 52. Qe4 Qf6 0-1

[Event "Brno Duras op-A"]
[Site "Brno"]
[Date "2009.06.30"]
[Round "5"]
[White "Krupica, Pavel"]
[Black "Kratochvil, Karel"]
[Result "0-1"]
[WhiteElo "1955"]
[BlackElo "2113"]
[PlyCount "74"]
[EventDate "2009.06.26"]
[EventType "swiss"]
[EventRounds "9"]
[EventCountry "CZE"]
[SourceTitle "CBM 131 Extra"]
[Source "ChessBase"]
[SourceDate "2009.09.03"]
[SourceVersion "2"]
[SourceVersionDate "2009.09.16"]
[SourceQuality "1"]

1. e4 c5 2. c3 d5 3. exd5 Qxd5 4. d4 e5 5. Nf3 Nc6 6. Bb5 Bg4 7. Bxc6+ bxc6 8. dxe5 Qxd1+ 9. Kxd1 0-0-0+ 10. Ke2 Re8 11. Be3 Rxe5 12. Nbd2 Re8 13. Rhe1 Nf6 14. h3 Bf5 15. Kf1 Nd5 16. Bg5 Bd6 17. Rxe8+ Rxe8 18. Re1 Bd3+ 19. Kg1 Rxe1+ 20. Nxe1 Bg6 21. Nc4 Bc7 22. Bd2 Bb1 23. a3 Kd7 24. Nf3 Ke6 25. Ng5+ Kf6 26. Nf3 h6 27. Ne3 Ke6 28. g3 Be4 29. Ne1 Nxe3 30. Bxe3 Kd5 31. Kf1 Kc4 32. Ke2 Kb3 33. Bc1 c4 34. g4 g5 35. f3 Bd5 36. Kd1 Bg3 37. Nc2 Bxf3+ 0-1